Welcome to CU Library Online Public Access Catalogue (OPAC)

Company Law/ (Record no. 80)

MARC details
000 -LEADER
fixed length control field 00723nam a22002057a 4500
003 - CONTROL NUMBER IDENTIFIER
control field OSt
005 - DATE AND TIME OF LATEST TRANSACTION
control field 20241022173137.0
008 - FIXED-LENGTH DATA ELEMENTS--GENERAL INFORMATION
fixed length control field 241019b |||||||| |||| 00| 0 eng d
020 ## - INTERNATIONAL STANDARD BOOK NUMBER
International Standard Book Number 9780198819882
040 ## -
-- Central University Library
050 ## - LIBRARY OF CONGRESS CALL NUMBER
Classification number KD2079.
Item number M66
100 ## - MAIN ENTRY--PERSONAL NAME
Personal name Moore, Imogen
245 ## - TITLE STATEMENT
Title Company Law/
Remainder of title Concentrate Questions and Answers
Statement of responsibility, etc. Imogen Moore
250 ## - EDITION STATEMENT
Edition statement Second
Remainder of edition statement Revision and study guides from the No.1 legal education publisher
260 ## - PUBLICATION, DISTRIBUTION, ETC.
Place of publication, distribution, etc. Oxford;
-- United Kingdom;
-- New York;
Name of publisher, distributor, etc. Oxford University Press
Date of publication, distribution, etc. c2018
300 ## - PHYSICAL DESCRIPTION
Extent xix, 258 pages
Other physical details Diagram; Index
Dimensions 23cm
650 ## - SUBJECT ADDED ENTRY--TOPICAL TERM
Source of heading or term Company
Topical term or geographic name entry element Oxford / England
Form subdivision Questions, Answers
700 ## - ADDED ENTRY--PERSONAL NAME
Personal name Imogen Moore
Relator term Author
942 ## - ADDED ENTRY ELEMENTS (KOHA)
Source of classification or shelving scheme Library of Congress Classification
Koha item type Books
Edition Second Ed.
Suppress in OPAC No
999 ## -
-- 80
-- 80
Holdings
Withdrawn status Lost status Source of classification or shelving scheme Damaged status Not for loan Collection Home library Current library Shelving location Date acquired Total checkouts Full call number Barcode Date last seen Copy number Price effective from Koha item type
    Library of Congress Classification     Non-fiction Law Library (Miotso) Law Library (Miotso) Reference 10/19/2024   KD2079.M66 MOO llm00000166 10/19/2024 1 10/19/2024 Books
© 2023-2024 Copyright: Central University Libraries. All Rights Reserved | Created by: Mahone Tech Office